000 00300nam a22001337a 4500
008 171003b xxu||||| |||| 00| 0 eng d
020 _a9781591136880
041 _aeng
080 _a159.9
100 _a48
101 _aPSI
245 _aTHE SECOND GREAT DEPRESSION
_cBRUSSEEE, W
942 _2udc
_cBK
999 _c31355
_d31355